000 00563nam a22001937a 4500
005 20260401071240.0
008 260401b |||||||| |||| 00| 0 eng d
020 _a9789364404846
040 _aIN-DiNC
_cIN-DiNC
041 _deng
082 _a364.168
_bKUM
100 _aKumar, Puneet
_eauthor
245 _aCyber crime and security in banks (Minor4)/
_cby Puneet Kumar and Namrata Chawla
260 _aLudhiana:
_bKalyani publishers,
_c2025.
650 _aCyber crime
650 _aSecurity in banks
700 _aChawla, Namrata
_eauthor
942 _2ddc
_cBK
999 _c12353
_d12353